| 000 | 01248cam a2200277zu 4500 | ||
|---|---|---|---|
| 001 | 88802519 | ||
| 003 | FRCYB88802519 | ||
| 005 | 20251020123455.0 | ||
| 006 | m o d | ||
| 007 | cr un | ||
| 008 | 251020s2005 fr | o|||||0|0|||fre d | ||
| 020 | _a9782846182669 | ||
| 035 | _aFRCYB88802519 | ||
| 040 |
_aFR-PaCSA _bfr _c _erda |
||
| 100 | 1 | _aReclus, Elisée | |
| 245 | 0 | 1 |
_aHistoire d'une montagne _c['Reclus, Elisée'] |
| 264 | 1 |
_bRégionalismes (Ed. des) _c2005 |
|
| 300 | _a p. | ||
| 336 |
_btxt _2rdacontent |
||
| 337 |
_bc _2rdamdedia |
||
| 338 |
_bc _2rdacarrier |
||
| 650 | 0 | _a | |
| 700 | 0 | _aReclus, Elisée | |
| 856 | 4 | 0 |
_2Cyberlibris _uhttps://international.scholarvox.com/netsen/book/88802519 _qtext/html _a |
| 520 | _aComment parler de géographie sans s’ennuyer ? Pour cela, il faut lire l’Histoire d’une montagne. Texte à la fois scientifique, humain, poétique et romantique qui vise à faire découvrir tous les physiques, humains, religieux, scientifiques que peut cacher ce terme générique de montagne. Occasion d’une balade foisonnante dans cet univers recréé, avec quel talent ! avec quelle langue !, un des plus grands géographes français, mort il y a 100 ans, en 1905. | ||
| 999 |
_c1554374 _d1554374 |
||